000 00538nam a2200181Ia 4500
008 140925s9999 xx 000 0 und d
245 _aAutism Research and Treatment /
_h[electronic resource]
260 _bHindawi Publishing Corporation,
516 _aElectronic text
650 _aAutism
650 _aResearch.
650 _aSpecial Education.
650 _aTreatment.
830 _aHindawi Publishing Corporation
856 _uhttp://www.hindawi.com/journals/aurt/2012/259468/
942 _cEJ
999 _c275714
_d275714